| 000 | 00364nam a2200145Ia 4500 | ||
|---|---|---|---|
| 008 | 230917s9999||||xx |||||||||||||| ||und|| | ||
| 040 |
_e29511 _aMAIN |
||
| 041 | _aEnglish | ||
| 082 | _a891.2109 R137T | ||
| 100 | _aRajendran, C | ||
| 245 | 0 | _aTranscultural approach to sanskrit poetics | |
| 260 |
_aCalicut _bC Rajendran _c1994 |
||
| 300 | _a109 p. | ||
| 942 | _cBK | ||
| 999 |
_c80694 _d80694 |
||